|
|
|
|
| LEADER |
00000nam0a2200000 4500 |
| 001 |
351518 |
| 005 |
20231102010419.0 |
| 035 |
|
|
|a (RuTPU)RU\TPU\retro\6580
|
| 090 |
|
|
|a 351518
|
| 100 |
|
|
|a 20190607d1932 k y0rusy50 ca
|
| 101 |
1 |
|
|a rus
|c fre
|
| 102 |
|
|
|a RU
|
| 105 |
|
|
|a y z 001zy
|
| 200 |
1 |
|
|a Кинетическая теория газов
|e пер. с фр.
|f Е. Блох
|
| 205 |
|
|
|a 2-е изд.
|
| 210 |
|
|
|a Москва
|a Ленинград
|c Государственное технико-теоретическое изд-во
|d 1932
|
| 215 |
|
|
|a 132 с.
|
| 317 |
|
|
|5 63413507: КР-6606
|a Поступил в НТБ в 1987 г. в дар от вдовы ученого Е. К. Завадовской
|
| 320 |
|
|
|a Указатель некоторых книг, относящихся к кинетической теории газов: с. 131
|
| 606 |
1 |
|
|a Кинетическая теория газов
|2 stltpush
|3 (RuTPU)RU\TPU\subj\14355
|9 40758
|
| 610 |
1 |
|
|a физика
|
| 610 |
1 |
|
|a идеальные газы
|
| 610 |
1 |
|
|a скорости
|
| 610 |
1 |
|
|a действительные газы
|
| 610 |
1 |
|
|a уравнение состояния ван-дер-Ванальса
|
| 610 |
1 |
|
|a вязкость
|
| 610 |
1 |
|
|a теплопроводность
|
| 610 |
1 |
|
|a диффузия
|
| 610 |
1 |
|
|a удельная теплоемкость
|
| 610 |
1 |
|
|a термодинамика
|
| 610 |
1 |
|
|a статистическая механика
|
| 610 |
1 |
|
|a энтропия
|
| 610 |
1 |
|
|a твердые тела
|
| 610 |
1 |
|
|a кванты
|
| 610 |
1 |
|
|a броуновское движение
|
| 610 |
1 |
|
|a флуктуации
|
| 610 |
1 |
|
|a разреженные газы
|
| 610 |
1 |
|
|a спектральные линии
|
| 610 |
1 |
|
|a молекулярные постоянные
|
| 610 |
1 |
|
|a математические формулы
|
| 610 |
1 |
|
|a библиотека А. А. Воробьева
|
| 675 |
|
|
|a 533.7
|v 4
|
| 700 |
|
1 |
|a Блох
|b Е.
|
| 801 |
|
1 |
|a RU
|b 63413507
|c 20190607
|
| 801 |
|
2 |
|a RU
|b 63413507
|c 20191031
|g RCR
|
| 942 |
|
|
|c BK
|